000 00461nam a2200169Ia 4500
999 _c12487
_d12487
003 OSt
005 20201022122605.0
008 190216s9999||||xx |||||||||||||| ||und||
040 _coclc
082 _a910.45
_bJON/S
100 _aJones, R S
_96061
245 0 _aSaga Of The Sea /
_cR S Jones ; Brian Rose
260 _bLongmans,
_c1966.
_aLondon:
300 _a280p
650 _aNovel
942 _cBK
_2ddc
_h910.45
_iJON/S
_k910.45
_mJON/S